000
00212 a2200097 4500
001
42165
100
_a
Hailey L
245
_a
An African Survey
260
_a
_b
Oxford University press
_c
090
_c
26154
_d
26154
942
_a
NUST-CAE
_c
M
_c
17952
999
_c
277238
_d
277238